[Event "Bucharest Romgaz op 2nd"]
[Site "Bucharest"]
[Date "2008.09.11"]
[Round "1"]
[White "Achirei, Daniel Laurentiu"]
[Black "Malakhatko, Vadim"]
[Result "0-1"]
[WhiteElo "2102"]
[BlackElo "2612"]
[PlyCount "138"]
[EventDate "2008.09.11"]
[EventType "swiss"]
[EventRounds "9"]
[EventCountry "ROU"]
[SourceTitle "CBM 126 Extra"]
[Source "ChessBase"]
[SourceDate "2008.11.05"]
[SourceVersion "1"]
[SourceVersionDate "2008.11.05"]
[SourceQuality "1"]

1. e4 e6 2. d4 d5 3. exd5 exd5 4. Nf3 Bd6 5. Bd3 Bg4 6. h3 Bh5 7. 0-0 Ne7 8. Re1 Nbc6 9. c3 Qd7 10. Nbd2 0-0-0 11. b4 Rde8 12. Qc2 f6 13. Kf1 g5 14. Ng1 Bg6 15. Nb3 g4 16. h4 g3 17. f3 Bxd3+ 18. Qxd3 Nf5 19. Rxe8+ Rxe8 20. h5 Bxb4 21. cxb4 Nxb4 22. Qd1 Qc6 23. Ne2 Nc2 24. Qd3 Qc4 25. Qxc4 dxc4 26. Rb1 cxb3 27. axb3 Nfxd4 28. Nxg3 Re1+ 29. Kf2 f5 30. h6 Kd7 31. Nh5 Ke6 32. Nf4+ Kf7 33. g4 fxg4 34. fxg4 Nc6 35. g5 Ne5 36. Kg2 Nd4 37. Kf2 Rh1 38. Kg2 Rd1 39. Kf2 Ne6 40. Ke2 Rh1 41. Nd5 c6 42. Nc3 Rh2+ 43. Kf1 Nd3 44. Be3 Nef4 45. Bg1 Rh3 46. Bxa7 c5 47. Kg1 Rg3+ 48. Kf1 Rxg5 49. Ne4 Rh5 50. Kg1 Ke6 51. Bb8 Ne2+ 52. Kg2 Kf5 53. Nd6+ Kg4 54. Nxb7 Rxh6 55. Na5 Rf6 56. Rf1 Nef4+ 57. Bxf4 Nxf4+ 58. Kh2 Rh6+ 59. Kg1 Nh3+ 60. Kg2 Ra6 61. Ra1 Re6 62. Ra2 Nf4+ 63. Kf2 h5 64. Nc4 Nd3+ 65. Kg2 h4 66. Kh2 Ne1 67. Kg1 Kg3 68. Ra1 Nf3+ 69. Kf1 h3 0-1